000 01260nam2a2200217 4500
001 RU\NLR\PER_A\012058325_000070
005 20250624223130.0
010 _a978-5-6042112-4-3
035 _a(NLR Aleph) 012912347
090 _a12618139
_c12618139
100 _a20221018d2022 |||y0rusy50 ca
101 0 _arus
102 _aRU
200 0 _a2022, вып. 1 (41)
210 _d2022
_aБ. м.
461 0 _1001RU\NLR\BIBL_A\012058325
_12001#$aРоль науки в трансформирующемся мире$fЧерномор. высш. воен.-мор. училище им. П.С. Нахимова, ФГАОУ ВО "Крым. федерал. ун-т им. В.И. Вернадского", Севастоп. экон.-гуманит. ин-т (фил.)$v2022, вып. 1 (41)
_911689597
_cСевастополь
_d2019 -
_fЧерномор. высш. воен.-мор. училище им. П.С. Нахимова, ФГАОУ ВО "Крым. федерал. ун-т им. В.И. Вернадского", Севастоп. экон.-гуманит. ин-т (фил.)
_nЧВВМУ
_tРоль науки в трансформирующемся мире
_v2022, вып. 1 (41)
852 _aNLR
_jП23/9576
942 _cISSUE
980 _aNB
980 _aRUSPER